<?xml version="1.0" encoding="UTF-8"?>
<collection xmlns="http://www.loc.gov/MARC21/slim">
 <record>
  <leader>00956nam a22001935a 4500</leader>
  <controlfield tag="001">EEA.libagro003006</controlfield>
  <controlfield tag="005">20190705121849.0</controlfield>
  <controlfield tag="008">130809s1981####ag############100#0#spa#d</controlfield>
  <datafield tag="082" ind1="0" ind2="4">
   <subfield code="a">631.4</subfield>
  </datafield>
  <datafield tag="111" ind1="2" ind2=" ">
   <subfield code="a">Reunión Argentina de la Ciencia del Suelo</subfield>
   <subfield code="n">(9 :</subfield>
   <subfield code="d">15-21 de septiembre de 1980 :</subfield>
   <subfield code="c">Paraná)</subfield>
  </datafield>
  <datafield tag="245" ind1="1" ind2="0">
   <subfield code="a">IX Reunión Argentina de la Ciencia del Suelo :</subfield>
   <subfield code="b">Actas /</subfield>
   <subfield code="c">Asociación Argentina de la Ciencia del Suelo.</subfield>
  </datafield>
  <datafield tag="260" ind1=" " ind2=" ">
   <subfield code="a">Santa Fe.</subfield>
  </datafield>
  <datafield tag="300" ind1=" " ind2=" ">
   <subfield code="a">3 v. ;</subfield>
   <subfield code="c">29 cm. +</subfield>
   <subfield code="e">15 mapas.</subfield>
  </datafield>
  <datafield tag="505" ind1="0" ind2=" ">
   <subfield code="a">t. 1. Actas -- t. 2. Actas -- t. 3. Actas -- Actas: Apéndice</subfield>
  </datafield>
  <datafield tag="710" ind1="2" ind2=" ">
   <subfield code="a">Asociación Argentina de la Ciencia del Suelo.</subfield>
  </datafield>
  <datafield tag="859" ind1=" " ind2=" ">
   <subfield code="a">AR-BbBCA</subfield>
   <subfield code="b">BIB. AGRONOMIA</subfield>
   <subfield code="h">631.4</subfield>
   <subfield code="i">R444-1 9 1980</subfield>
   <subfield code="p">1981/0063</subfield>
   <subfield code="v">Apénd.</subfield>
   <subfield code="3">Apéndice</subfield>
  </datafield>
  <datafield tag="859" ind1=" " ind2=" ">
   <subfield code="a">AR-BbBCA</subfield>
   <subfield code="b">BIB. AGRONOMIA</subfield>
   <subfield code="h">631.4</subfield>
   <subfield code="i">R444-1 9 1980</subfield>
   <subfield code="p">1981/0060</subfield>
   <subfield code="v">t.1</subfield>
   <subfield code="3">Tomo I</subfield>
  </datafield>
  <datafield tag="859" ind1=" " ind2=" ">
   <subfield code="a">AR-BbBCA</subfield>
   <subfield code="b">BIB. AGRONOMIA</subfield>
   <subfield code="h">631.4</subfield>
   <subfield code="i">R444-1 9 1980</subfield>
   <subfield code="p">1981/0061</subfield>
   <subfield code="v">t.2</subfield>
   <subfield code="3">Tomo II</subfield>
  </datafield>
  <datafield tag="859" ind1=" " ind2=" ">
   <subfield code="a">AR-BbBCA</subfield>
   <subfield code="b">BIB. AGRONOMIA</subfield>
   <subfield code="h">631.4</subfield>
   <subfield code="i">R444-1 9 1980</subfield>
   <subfield code="p">1981/0062</subfield>
   <subfield code="v">t.3</subfield>
   <subfield code="3">Tomo III</subfield>
  </datafield>
 </record>
</collection>
